| Tag |
First Indicator |
Second Indicator |
Subfields |
| LEADER |
00000cam a2200000 a 4500 |
| 001 |
in00001801913 |
| 005 |
20151025200031.0 |
| 008 |
970114s1997 nyu b 001 0 eng |
| 010 |
|
|
|a 97001614
|
| 015 |
|
|
|a GB97-77555
|
| 019 |
|
|
|a 38883855
|
| 020 |
|
|
|a 0306454742 (hardcover)
|
| 020 |
|
|
|a 0306454750 (pbk.)
|
| 035 |
|
|
|a (OCoLC)ocm36330837
|
| 040 |
|
|
|a DLC
|c DLC
|d UKM
|d UtOrBLW
|
| 049 |
|
|
|a TXAM
|
| 050 |
0 |
0 |
|a BF201
|b .B35 1997
|
| 082 |
0 |
0 |
|a 302
|2 21
|
| 100 |
1 |
|
|a Barone, David F.
|
| 245 |
1 |
0 |
|a Social cognitive psychology :
|b history and current domains /
|c David F. Barone, James E. Maddux, and C.R. Snyder.
|
| 264 |
|
1 |
|a New York :
|b Plenum Press,
|c [1997]
|
| 264 |
|
4 |
|c ©1997
|
| 300 |
|
|
|a xiv, 494 pages ;
|c 26 cm.
|
| 336 |
|
|
|a text
|b txt
|2 rdacontent
|
| 337 |
|
|
|a unmediated
|b n
|2 rdamedia
|
| 338 |
|
|
|a volume
|b nc
|2 rdacarrier
|
| 490 |
1 |
|
|a The Plenum series in social/clinical psychology
|
| 504 |
|
|
|a Includes bibliographical references (pages 427-490) and index.
|
| 650 |
|
0 |
|a Cognitive psychology.
|
| 650 |
|
0 |
|a Social psychology.
|
| 700 |
1 |
|
|a Maddux, James E.
|
| 700 |
1 |
|
|a Snyder, C. R.
|
| 830 |
|
0 |
|a Plenum series in social/clinical psychology.
|
| 948 |
|
|
|a cataloged
|b h
|c 2004/3/29
|d c
|e cmulkey
|f 2:23:55 pm
|
| 994 |
|
|
|a E0
|b TXA
|
| 999 |
|
|
|a MARS
|
| 999 |
f |
f |
|s 5e0c1e78-cc6e-3d47-b394-3589119f1c42
|i 9c82874d-6487-3469-9eeb-251cf6933817
|t 0
|
| 952 |
f |
f |
|p ric
|a Texas A&M University
|b Rellis Campus
|c Joint Library Facility
|d Remote Storage
|t 0
|e BF201 .B35 1997
|h Library of Congress classification
|i unmediated -- volume
|m A14831110754
|
| 998 |
f |
f |
|a BF201 .B35 1997
|t 0
|l Remote Storage
|